JFK /

Colección de estudios sobre la representación cinematográfica de actores, objetos de estudio y pensamiento del derecho, conformada tanto por análisis monográficos centrados en una película como por trabajos acerca del tratamiento de un tema determinado en varias cintas. La entrega número 18 de la co...

Descripció completa

Guardat en:
Dades bibliogràfiques
Autor principal: Alcaraz Ramos, Manuel (autor)
Altres autors: Lucas, Javier de (dirección de la colección) (dirección de la colección)
Format: Llibre
Idioma:espanyol
Publicat: México : Tirant Lo Blanch, 2012, c2012
Col·lecció:(Cine Derecho ; 18)
Matèries:
Etiquetes: Afegir etiqueta
Sense etiquetes, Sigues el primer a etiquetar aquest registre!

MARC

LEADER 00000nam^a2200000^a^4500
001 000323247
005 20250521000000.0
009 20260526140400.199
020 |a 978-84-9004-473-5 
037 |a Acervo ITESO - Biblioteca 
041 |a ESP 
082 |a 302. 235322  |b DER V. 18 
100 |a Alcaraz Ramos, Manuel  |e (autor) 
245 1 0 |a JFK /  |c M. Alcaraz Ramos ; dir. de la colección de J. de Lucas. 
264 4 |a México :  |b Tirant Lo Blanch,  |c 2012, c2012 
300 |a 156 p. 
336 |a texto  |b txt  |2 rdacontenido 
337 |a sin mediación  |b n  |2 rdamedio 
338 |a volumen  |b nc  |2 rdasoporte 
440 1 |a (Cine Derecho ;  |v 18) 
520 |a Colección de estudios sobre la representación cinematográfica de actores, objetos de estudio y pensamiento del derecho, conformada tanto por análisis monográficos centrados en una película como por trabajos acerca del tratamiento de un tema determinado en varias cintas. La entrega número 18 de la colección está dedicada a JFK (1991), noveno largometraje dirigido por el cineasta norteamericano Oliver Stone, quien revisa las teorías conspiratorias sobre el asesinato del presidente estadounidense John F. Kennedy (1917-1963), a partir de los libros JFK: tras la pista de los asesinos (1988), del fiscal Jim Garrison (1921-1992), y Crossfire: The Plot that Killed Kennedy (1989), de Jim Marrs. El autor aborda el elaborado entramado narrativo y propuesta formal planteados por Stone, pero también considera que la película presenta inconsistencias ideológicas, preguntas sin respuesta de algunas visiones históricas subyacentes en el filme y una utilización vacua y lateral de las situaciones jurídicas en el relato. 
649 |a XX 
650 |a Cineastas Norteamericanos 
650 |a Jefes de Estado Norteamericanos 
650 |a Políticos Norteamericanos 
650 |a Fiscales Norteamericanos 
650 |a Abogados Norteamericanos 
650 |a Asesinato Político -  |z EUA -  |x Historia -  |y 1961-1963 -  |x Tema Principal 
650 |a Investigación del Delito -  |z EUA -  |x Historia 
650 |a Derecho y Política -  |z EUA -  |x Historia 
650 |a Cine Jurídico -  |z EUA -  |x Historia y Crítica 
650 |a Cine Jurídico -  |x Historia y Crítica -  |x Tema Principal 
650 |a Cine Norteamericano -  |x Historia y Crítica 
650 |a Cine Norteamericano -  |y 1990-1999 
650 |a Cine Norteamericano -  |y Siglo XX 
650 |a Política -  |z EUA -  |x Historia -  |y 1961-1963 
650 |a Política -  |z EUA -  |x Historia -  |y Siglo XX 
650 |a Kennedy, John F. -  |x Tema Principal 
650 |a Stone, Olivier 
700 |a Lucas, Javier de  |e (dirección de la colección) 
910 |a Fondo General 
920 |a Impresos - Libros 
930 |a Colección General 
905 |a 101 
901 |a 0500210908  |b IT1  |c ACC  |i C132832  |u 20250521 
902 |a https://opac.biblio.iteso.mx/vufind/Record/000323247